| 000 | 00465nam a2200169Ia 4500 | ||
|---|---|---|---|
| 999 |
_c27897 _d27897 |
||
| 003 | OSt | ||
| 005 | 20201125110230.0 | ||
| 008 | 190216s9999||||xx |||||||||||||| ||und|| | ||
| 040 | _coclc | ||
| 082 |
_a894.8123 _bRAD/A |
||
| 100 |
_aRadhakrishnan, C _96488 |
||
| 245 | 0 |
_aAstho Maa / _cC Radhakrishnan |
|
| 260 |
_bHi Tech Books, _c1999. _a Kochi: |
||
| 300 | _a463p | ||
| 650 | _aNovel | ||
| 942 |
_cBK _2ddc _h894.8123 _iRAD/A _k894.8123 _mRAD/A |
||